Cockpit confidential : (Record no. 604)

000 -LEADER
fixed length control field 02009nam a22004337a 4500
001 - CONTROL NUMBER
control field 17681576
003 - CONTROL NUMBER IDENTIFIER
control field OSt
005 - DATE AND TIME OF LATEST TRANSACTION
control field 20210421054635.0
008 - FIXED-LENGTH DATA ELEMENTS--GENERAL INFORMATION
fixed length control field 130402s2013 ilu b 001 0 eng
010 ## - LIBRARY OF CONGRESS CONTROL NUMBER
LC control number 2013001395
020 ## - INTERNATIONAL STANDARD BOOK NUMBER
International Standard Book Number 9781402280917 (paperback : alkaline paper)
040 ## - CATALOGING SOURCE
Original cataloging agency eng
Language of cataloging eng
Transcribing agency DLC
Description conventions rda
Modifying agency DLC
041 ## - LANGUAGE CODE
Language code of text/sound track or separate title eng
042 ## - AUTHENTICATION CODE
Authentication code pcc
050 00 - LIBRARY OF CONGRESS CALL NUMBER
Classification number HE9776
Item number .S584 2013
080 ## - UNIVERSAL DECIMAL CLASSIFICATION NUMBER
Universal Decimal Classification number 821.111
Item number S-68
082 00 - DEWEY DECIMAL CLASSIFICATION NUMBER
Classification number 387.7
Edition number 23
100 1# - MAIN ENTRY--PERSONAL NAME
Personal name Smith, Patrick,
Dates associated with a name 1966-
245 10 - TITLE STATEMENT
Title Cockpit confidential :
Remainder of title everything you need to know about air travel : questions, answers & reflections /
Statement of responsibility, etc. Patrick Smith.
264 #1 - PRODUCTION, PUBLICATION, DISTRIBUTION, MANUFACTURE, AND COPYRIGHT NOTICE
Place of production, publication, distribution, manufacture Naperville, Illinois :
Name of producer, publisher, distributor, manufacturer Sourcebooks,
Date of production, publication, distribution, manufacture, or copyright notice [2013]
300 ## - PHYSICAL DESCRIPTION
Extent xv, 303 pages ;
Dimensions 22 cm.
336 ## - CONTENT TYPE
Content type term text
Source rdacontent
337 ## - MEDIA TYPE
Media type term unmediated
Source rdamedia
338 ## - CARRIER TYPE
Carrier type term volume
Source rdacarrier
365 ## - TRADE PRICE
Price amount 14.99 usd
504 ## - BIBLIOGRAPHY, ETC. NOTE
Bibliography, etc. note Includes bibliographical references and index.
505 0# - FORMATTED CONTENTS NOTE
Formatted contents note Introduction: The Painter's Brush -- Plane Truth : Things about Wings and Why Knots -- Elements of Unease : Turbulence, Windshear, Weather, and Worry -- What Goes Up : Takeoffs, Landings, and the Mysterious Between -- Flying for a Living : The Awe and Odd of a Life Aloft -- En Route : Life in the Cabin -- Must Come Down : Disasters, Mishaps, and Fatuous Flights of Fancy -- The Airlines We Love to Hate -- How to Speak Airline : A Glossary for Travelers.
650 #0 - SUBJECT ADDED ENTRY--TOPICAL TERM
Topical term or geographic name entry element Air travel
Form subdivision Miscellanea.
650 #0 - SUBJECT ADDED ENTRY--TOPICAL TERM
Topical term or geographic name entry element English literature
9 (RLIN) 254
650 #0 - SUBJECT ADDED ENTRY--TOPICAL TERM
Topical term or geographic name entry element Airplanes
General subdivision Piloting
Form subdivision Miscellanea.
650 #0 - SUBJECT ADDED ENTRY--TOPICAL TERM
Topical term or geographic name entry element Aeronautics, Commercial
Form subdivision Miscellanea.
650 #0 - SUBJECT ADDED ENTRY--TOPICAL TERM
Topical term or geographic name entry element Airlines
Form subdivision Miscellanea.
653 ## - INDEX TERM--UNCONTROLLED
Uncontrolled term ინგლისური ლიტერატურა
653 ## - INDEX TERM--UNCONTROLLED
Uncontrolled term საჰაერო მოგზაურობა
653 ## - INDEX TERM--UNCONTROLLED
Uncontrolled term თვითმფრინავები
906 ## - LOCAL DATA ELEMENT F, LDF (RLIN)
a 7
b cbc
c orignew
d 1
e ecip
f 20
g y-gencatlg
942 ## - ADDED ENTRY ELEMENTS (KOHA)
Source of classification or shelving scheme
Koha item type Books
Holdings
Withdrawn status Lost status Source of classification or shelving scheme Damaged status Not for loan Permanent location Current location Date acquired Inventory number Total Checkouts Full call number Barcode Date last seen Price effective from Koha item type
          Ken Walker International University Ken Walker International University 12/14/2020 710   821.111 S-68 710 12/14/2020 12/14/2020 Books

Powered by Koha